Haiti : (Record no. 12326)

MARC details
000 -LEADER
campo de control de longitud fija 00952cam a2200265Ia 4500
001 - NÚMERO DE CONTROL
campo de control 39219
005 - FECHA Y HORA DE LA ÚLTIMA TRANSACCIÓN
campo de control 20230410101711.0
008 - DATOS DE LONGITUD FIJA--INFORMACIÓN GENERAL
campo de control de longitud fija 881020s1988 fr abo c 000 0 fre d
035 ## - NÚMERO DE CONTROL DEL SISTEMA
Número de control de sistema (OCoLC)ocm18648610
040 ## - FUENTE DE CATALOGACIÓN
Centro catalogador/agencia de origen VZS
Centro/agencia transcriptor VZS
Centro/agencia modificador OCLCQ
019 ## -
-- 18769258
-- 20045409
050 14 - SIGNATURA TOPOGRÁFICA DE LA BIBLIOTECA DEL CONGRESO
Número de clasificación 110 N 6606
Número de ítem H153 1988
245 00 - MENCIÓN DEL TÍTULO
Título Haiti :
Resto del título art naif, art vaudou /
Mención de responsabilidad, etc. [exhibition] Galeries Nationales du Grand Palais 1988.
260 ## - PUBLICACIÓN, DISTRIBUCIÓN, ETC.
Lugar de publicación, distribución, etc. Paris :
Nombre del editor, distribuidor, etc. Galeries Nationales du Grand Palais ;
Lugar de publicación, distribución, etc. Rome :
Nombre del editor, distribuidor, etc. Edizioni Carte Segrete,
Fecha de publicación, distribución, etc. 1988.
300 ## - DESCRIPCIÓN FÍSICA
Extensión 276 p. :
Otras características físicas ill. (some col.) ;
Dimensiones 24 cm.
500 ## - NOTA GENERAL
Nota general Conception du catalogue: Jean-Marie Drot.
500 ## - NOTA GENERAL
Nota general "Un hommage á André Breton et André Malraux."
650 #0 - PUNTO DE ACCESO ADICIONAL DE MATERIA--TÉRMINO DE MATERIA
Término de materia o nombre geográfico como elemento de entrada Primitivism in art
Subdivisión geográfica Haiti
Subdivisión de forma Exhibitions.
650 #4 - PUNTO DE ACCESO ADICIONAL DE MATERIA--TÉRMINO DE MATERIA
Término de materia o nombre geográfico como elemento de entrada CEH
650 #4 - PUNTO DE ACCESO ADICIONAL DE MATERIA--TÉRMINO DE MATERIA
Término de materia o nombre geográfico como elemento de entrada Colección Estudios Haitianos
651 #0 - PUNTO DE ACCESO ADICIONAL DE MATERIA--NOMBRE GEOGRÁFICO
Nombre geográfico Haiti
Subdivisión general Art
Subdivisión de forma Exhibitions.
710 2# - ENTRADA AGREGADA--NOMBRE DE ENTIDAD CORPORATIVA
Nombre de entidad corporativa o nombre de jurisdicción como elemento de entrada Galeries nationales du Grand Palais (France)
942 ## - ELEMENTOS DE ENTRADA SECUNDARIOS (KOHA)
Fuente del sistema de clasificación o colocación Clasificación de Library of Congress
Tipo de ítem Koha
994 ## -
-- C0
-- DRFGD
Holdings
Estatus retirado Estado de pérdida Fuente del sistema de clasificación o colocación Estado de daño No para préstamo Colección Biblioteca de origen Biblioteca actual Ubicación en estantería Fecha de adquisición Serial enumeration / chronology Signatura topográfica completa Código de barras Visto por última vez Copia número Tipo de ítem Koha
    Clasificación de Library of Congress     Recursos Regionales Biblioteca Juan Bosch Biblioteca Juan Bosch Recursos Regionales (2do. Piso) 10/04/2023 1 110 N 6606 H153 1988 00000040598 23/10/2018 1